| 000 | 00387nam a22001577a 4500 | ||
|---|---|---|---|
| 003 | CEME | ||
| 005 | 20210628202106.0 | ||
| 008 | 210419b xxu||||| |||| 00| 0 eng d | ||
| 040 | _c. | ||
| 082 | _a621.381 SHA'E | ||
| 100 |
_aShah, Azher. H _958242 |
||
| 245 | _aElectronics one ,laboratory manual | ||
| 260 |
_aNEWYORK _bELECTRONIC SERIES _c1967 |
||
| 300 | _a204P | ||
| 942 |
_cBK _2ddc |
||
| 999 |
_c568440 _d568440 |
||